000 00620nam a2200229Ia 4500
003 OSt
005 20220928103340.0
006 a|||||r|||| 00| 0
007 ta
008 220927b |||||||| |||| 00| 0 eng d
024 _a53165
037 _cTextual
040 _aSDCL
_cSDCL
_beng
041 _2eng
_aeng
082 _aO152,3M80:g, M2
100 _aMishra Ram Darsh Ed.
_9403642
245 0 _aKathakar Premchand.
260 _aNew Delhi
_bNational Publishing House
_c1982
300 _a210p.
_ccm.
942 _hO152,3M80:g, M2
_cTEXL
_2CC
999 _c719415
_d719415